| 000 | 00620nam a22001937a 4500 | ||
|---|---|---|---|
| 003 | LK-CoMWRAF | ||
| 005 | 20231120135059.0 | ||
| 008 | 230915b2007 |||||||| |||| 00| 0 eng d | ||
| 040 |
_aLK-CoMWRAF _dLK-CoMWRAF _eLK-CoMWRAF |
||
| 041 | _aeng | ||
| 082 |
_a362.88 _bSEN |
||
| 100 | _aSenanayake, Lakshmen | ||
| 245 |
_aViolence against women- A Buddhist perspective: _b( in respectful appeal to the maha sangha to help prevent violence against women) |
||
| 260 |
_aColombo: _bDamrivi foundation, _c2007 |
||
| 650 | _aWomen -- Violence | ||
| 650 | _aViolence -- Religious aspects | ||
| 650 | _aPsychiatry | ||
| 942 | _cBK | ||
| 999 |
_c3567 _d3567 |
||